| Registos Bibliográficos associados ao registo de autoridade |
|
Etiqueta de registo: 00000nkm 2200025 450 001 2269358 003 http://id.bnportugal.gov.pt/bib/catbnp/2269358 100 ## $a20260220d1983 m y0pory01030103ba 101 0# $apor 102 ## $aPT 200 1# $aV Festival de Folclore do Centro de Portugal, Tomar 83, 27 de agosto$bVisual gráfico]$fSociedade Filarmónica Gualdim Pais e Câmara Municipal de Tomar 210 #9 $aTomar$cSociedade Filarmónica Gualdim Pais,$d1983$e[Tomar] :$gA Gráfica de Tomar 215 ## $a1 cartaz$ccolor.$d68,5x47,2 cm 317 ## $aColeção Madeira Luís 710 02 $aFestival de Folclore do Centro de Portugal$b5$eTomar$f1983$31994090 711 02 $aCâmara Municipal de Tomar$31477163 712 02 $aSociedade Filarmónica Gualdim Pais$c(Tomar, Portugal)$318189 801 #0 $aPT$bBN$gRPC 966 ## $lBN$mICONOG$sCT. 21384 A.$x3 971 ## $cCaticonografia3$d20260220 995 ## $aPRR2026 $d20260220$iCaticonografia3
|
|
|